| 000 | 00529nam a2200145Ia 4500 | ||
|---|---|---|---|
| 999 |
_c10179 _d10179 |
||
| 008 | 201231s9999 xx 000 0 und d | ||
| 020 | _a0851743501 | ||
| 100 |
_aMilligan, J. E. _94543 |
||
| 245 | 0 |
_aBrown's signalling : how to learn the international code of visual and sound signals based on information contained in the 1969 international code of signals / _cby J. E. Milligan (Rev.) |
|
| 250 | _a9th ed. | ||
| 260 |
_aGlasgow _bBrown, Son & Ferguson _c1988 |
||
| 300 | _a202p. | ||
| 650 | 0 |
_aSignals _xRadar |
|
| 942 |
_cBK _2ddc |
||